La criminalidad organizada Aspectos penales, procesales, administrativos y policiales /

Bibliographic Details
Main Author: Sǹchez Garca̕ de Paz, Isabel
Format: eBook
Language:Spanish
Published: Madrid: Dykinson, 2006
Subjects:
Online Access:Acceso restringido

MARC

LEADER 00000nam a22000007a 4500
005 20180713103316.0
007 cr|||| ||||
008 180713s2006 es |||||s|||| 00||0 spa d
020 |a 84-9772-714-2 
035 |a 1287 
040 |a vLex 
090 |c 8031  |d 8031 
100 1 |a Sǹchez Garca̕ de Paz, Isabel 
245 1 2 |a La criminalidad organizada  |h [Recurso electrn̤ico] :  |b Aspectos penales, procesales, administrativos y policiales /  |c Isabel Sǹchez Garca̕ de Paz 
256 |a Servicio en ln̕ea 
260 |a Madrid:  |b Dykinson,  |c 2006 
300 |a 1 recurso electrn̤ico 
506 1 |a Disponible solo en los productos indicados  |d vLex Global  |d vLex Global (Academic Edition, excluding Law Schools)  |d vLex Global (U.S. Academic Edition, Law Schools)  |d vLex Global (U.S. Academic Edition, excluding Law Schools)  |d vLex Global (Academic Edition, Law Schools) 
650 0 4 |a Derecho Penal  |z Espaą 
650 0 4 |a Derecho Pb︢lico y Administrativo  |z Espaą 
650 0 4 |a Derecho Procesal  |z Espaą 
740 0 |a vLex Libros (Servicio en ln̕ea) 
856 4 0 |u http://vlex.com/source/criminalidad-organizada-aspectos-penales-procesales-administrativos-policiales-1287  |z Acceso restringido 
942 |c BOOK 
999 0 |a Criminal Law 
999 0 |a Public and Administrative Law 
999 0 |a Procedural Law